|
|
|
|
| LEADER |
00991nam a2200265 4500 |
| 001 |
c000136300 |
| 003 |
CARM |
| 005 |
00000000000000.0 |
| 008 |
720829s1972 nyu bs 00100 eng |
| 019 |
1 |
|
|a 182361
|5 LACONCORD2021
|
| 035 |
|
|
|a (OCoLC)446952
|5 LACONCORD2021
|
| 043 |
|
|
|a e-hu---
|
| 050 |
0 |
0 |
|a HD70.H8
|b L36
|
| 082 |
0 |
0 |
|a 338./6/09439
|
| 100 |
1 |
|
|a Lauter, Geza P.
|q (Geza Peter)
|
| 245 |
1 |
4 |
|a The manager and economic reform in Hungary.
|
| 260 |
|
|
|a New York,
|b Praeger Publishers
|c [1972]
|
| 300 |
|
|
|a xv, 189 p.
|c 25 cm.
|
| 490 |
0 |
|
|a Praeger special studies in international economics and development
|
| 504 |
|
|
|a Bibliography: p. 177-183.
|
| 650 |
|
0 |
|a Industrial management
|z Hungary.
|
| 651 |
|
0 |
|a Hungary
|x Economic policy
|y 1968-1989.
|
| 852 |
8 |
|
|b CARM
|h A2:AF22A0
|i B01618
|p 0073905
|f BK
|
| 999 |
f |
f |
|i 7c5d56b9-b52e-5926-a2dd-76d8be4645c7
|s a613b69e-a629-5527-b558-ea1fa46a4c97
|
| 952 |
f |
f |
|p Can circulate
|a CAVAL
|b CAVAL
|c CAVAL
|d CARM 1 Store
|e B01618
|f A2:AF22A0
|h Other scheme
|i book
|m 0073905
|